Т. 26 : Проблемы динамической седиментологии; Общая геология

Détails bibliographiques
Parent link:Общая геология/ Академия наук СССР (АН СССР), Всесоюзный институт научной и технической информации (ВИНИТИ). Т. 26 : Проблемы динамической седиментологии.— , 1965-1990
Auteur principal: Чистяков А. А.
Autres auteurs: Щербаков Ф. А. (редактор), Конюхов А. И.
Langue:russe
Publié: 1989
Sujets:
Format: Livre
KOHA link:https://koha.lib.tpu.ru/cgi-bin/koha/opac-detail.pl?biblionumber=252282

MARC

LEADER 00000nam2a2200000 4500
001 252282
005 20251225152623.0
035 |a (RuTPU)RU\TPU\book\274613 
035 |a RU\TPU\book\274607 
090 |a 252282 
100 |a 20140228d1989 k y0rusy50 ca 
101 0 |a rus 
102 |a RU 
105 |a a z 001zy 
200 0 |a Т. 26 : Проблемы динамической седиментологии  |f А. А. Чистяков, Ф. А. Щербаков  |g под ред. А. И. Конюхова 
210 |d 1989 
215 |a 110 с.  |c ил. 
320 |a Литература: с. 101-109 
461 1 |0 (RuTPU)RU\TPU\book\241055  |t Общая геология  |f Академия наук СССР (АН СССР), Всесоюзный институт научной и технической информации (ВИНИТИ)  |v Т. 26 : Проблемы динамической седиментологии  |d 1965-1990  |s Общая геология 
606 |a Геология общая  |9 89097 
610 1 |a литология 
610 1 |a седиментология 
610 1 |a гравитационные процессы 
610 1 |a гидрогенные процессы 
610 1 |a аккумуляция 
610 1 |a моря 
610 1 |a океаны 
675 |a 55  |v 3 
700 1 |a Чистяков  |b А. А. 
701 1 |a Щербаков  |b Ф. А. 
702 1 |a Конюхов  |b А. И.  |4 340 
801 1 |a RU  |b 63413507  |c 20120904 
801 2 |a RU  |b 63413507  |c 20170131  |g RCR 
942 |c BK